Statistics for A Song of Ice and Fire Perspective Characters

Click here to take the quiz!

General Stats

  • This quiz has been taken 10 times
  • The average score is 22 of 31

Answer Stats

# of POV ChaptersBooks Featured InCharacter% Correct
33A Game of Thrones, A Clash of Kings, A Storm of Swords, A Feast For Crows, A Dance With DragonsArya Stark
100%
21A Game of Thrones, A Clash of Kings, A Storm of Swords, A Dance With DragonsBran Stark
100%
12A Feast For Crows, A Dance With DragonsCersei Lannister
100%
31A Game of Thrones, A Clash of Kings, A Storm of Swords, A Dance With DragonsDaenerys Targaryen
100%
17A Storm of Swords, A Feast For Crows, A Dance With DragonsJaime Lannister
100%
2A Dance With DragonsJon Connington
100%
42A Game of Thrones, A Clash of Kings, A Storm of Swords, A Dance With DragonsJon Snow
100%
24A Game of Thrones, A Clash of Kings, A Storm of Swords, A Feast For CrowsSansa Stark
100%
47A Game of Thrones, A Clash of Kings, A Storm of Swords, A Dance With DragonsTyrion Lannister
100%
25A Game of Thrones, A Clash of Kings, A Storm of SwordsCatelyn Stark
88%
13A Clash of Kings, A Storm of Swords, A Dance With DragonsDavos Seaworth
88%
15A Game of ThronesEddard Stark
88%
13A Clash of Kings, A Dance With DragonsTheon Greyjoy
88%
8A Feast For CrowsBrienne of Tarth
75%
1A Game of Thrones (prologue)Will
75%
2A Feast For CrowsAeron Greyjoy
63%
2A Feast For CrowsArianne Martell
63%
1A Clash of Kings (prologue)Cressen
63%
10A Storm of Swords, A Feast For CrowsSamwell Tarly
63%
2A Feast For Crows, A Dance With DragonsAreo Hotah
50%
4A Feast For Crows, A Dance With DragonsAsha Greyjoy
50%
4A Dance With DragonsBarristan Selmy
50%
1A Dance With Dragons (epilogue)Kevan Lannister
50%
4A Feast For Crows, A Dance With DragonsVictarion Greyjoy
50%
1A Feast For CrowsArys Oakheart
38%
1A Storm of Swords (prologue)Chett
38%
1A Dance With DragonsMelisandre
38%
1A Storm of Swords (epilogue)Merrett Frey
38%
1A Feast For Crows (prologue)Pate
38%
4A Dance With DragonsQuentyn Martell
38%
1A Dance With Dragons (prologue)Varamyr
38%

Score Distribution

Percentile by Number Answered

Percent of People with Each Score

Your Score History

You have not taken this quiz